Representación que al soberano Congreso dirije el presbítero Francisco Mendizábal /

Petición hecha por el jesuita mexicano Francisco Mendizábal al Congreso de la Unión para que les permitan la libertad de enseñanza y religiosa en sus colegios.

Saved in:
Bibliographic Details
Main Author: Mendizábal, Francisco (autor)
Format: Book
Language:Español
Subjects:
Tags: Add Tag
No Tags, Be the first to tag this record!

MARC

LEADER 00000nam^a2200000^a^4500
001 000136646
005 20250526000000.0
009 20260310095326.303
037 |a Acervo ITESO - Biblioteca 
041 |a ESP 
082 |a 342. 720852  |b MEN 
100 |a Mendizábal, Francisco  |e (autor) 
245 1 0 |a Representación que al soberano Congreso dirije el presbítero Francisco Mendizábal /  |c F. Mendizábal. 
264 |a México :  |b Imprenta de Luis Abadiano y Valdés,  |c 1841 
300 |a 17 p. ;  |c 15.5 cm. 
520 |a Petición hecha por el jesuita mexicano Francisco Mendizábal al Congreso de la Unión para que les permitan la libertad de enseñanza y religiosa en sus colegios. 
649 |a XX 
650 |a Jesuitas en México 
650 |a Monasticismo y Ordenes Religiosas -  |z México -  |x Condiciones Jurídicas 
650 |a Libertad Religiosa -  |z México 
650 |a Libertad de Enseñanza -  |z México 
650 |a Congreso de la Unión -  |z México 
650 |a Política y Religión -  |z México -  |x Historia 
650 |a Derecho Constitucional -  |z México -  |x Historia 
650 |a Derecho Público -  |z México -  |x Historia 
650 |a Derecho Federal -  |z México -  |x Historia 
650 |a México -  |x Historia -  |y Centralismo, 1835-1846 
650 |a México -  |x Historia -  |y Federalismo y Centralismo, 1824-1853 
650 |a México -  |x Historia -  |y Siglo XIX 
910 |a Fondo Salvador Reynoso Reynoso 
920 |a Impresos - Libros 
930 |a Libros Antiguos y Raros 
905 |a 108 
901 |a 0800013953  |b IT2  |c LRA  |u 20250526 
902 |a https://opac.biblio.iteso.mx/vufind/Record/000136646